Detalles MARC
| 000 -LIDER |
| fixed length control field |
01786nam a22003257a 4500 |
| 003 - IDENTIFICACDOR DE NÚMERO DE CONTROL |
| control field |
DO-SdBNP |
| 005 - DATE AND TIME OF LATEST TRANSACTION |
| control field |
20221025111411.0 |
| 008 - ELEMENTOS DE LONGITUD FIJA |
| fixed length control field |
171121b 1996 a dr a ||||| |||| 00| 0 spa d |
| 020 ## - ISBN |
| International Standard Book Number |
8492184558 |
| 040 ## - FUENTE DE CATALOGACIÓN |
| Agencia que crea de manera original el registro |
BPMSU |
| Idioma de catalogación |
spa |
| Agencia que realiza la transcripción |
BPMSU |
| 082 #4 - NÚMERO DE CLASIFICACIÓN DECIMAL DE DEWEY |
| Classification number |
378.7293 |
| Item number |
A367t 1996 |
| Edition number |
22 |
| 092 ## - LOCALLY ASSIGNED DEWEY DECIMAL CALL NUMBER |
| Número de clasificación |
|
| Número de edición |
|
| 100 1# - ASIENTO PRINCIPAL -- NOMBRE PERSONAL |
| Nombre personal |
Popkewitz, Thomas S. |
| 245 #0 - MENCIÓN DE TITULO |
| Título |
Tecnología, economía y educación en República Dominicana / |
| Mención de responsabilidad |
José Luis Alemán |
| Subtítulo |
|
| 260 ## - PUBLICACIÓN, DISTRIBUCIÓN, ETC. (PIE DE IMPRENTA) |
| Lugar de publicación, distribución, etc |
Santo Domingo : |
| Nombre del editor, distribuidor, etc. |
Programa de Promoción de la Reforma Educativa en América Latina ; |
| -- |
Facultad Latinoamericana de Ciencias Sociales, |
| Fecha de publicación, distribución, etc |
1996 |
| 300 ## - DESCRIPCIÓN FÍSICA |
| Extensión |
80 p. ; |
| Dimensiones |
26 cm. |
| 505 0# - NOTA DE CONTENIDO |
| Texto normalizado de contenido |
Participantes en las reuniones especializadas, debates y foros 9 -- Las intuiciones magníficas 15 -- Modelos econométrios recientes sobre tecnología y economía 21 -- Políticas tecnológicas de crecimiento 33 -- Las opciones dominicanas 53 -- Indotec en el proceso de Desarrollo del Capital Humano 65 -- Recomendaciones para mejorar la calidad de la enseñanza de las ciencias naturales y las tecnologías en el marco del nuevo currículo 69 |
| 650 #4 - ENCABEZAMIENTO DE MATERIA--TEMÁTICO |
| Término temático o nombre geográfico como elemento de entrada |
Innovaciones educativas |
| Subdivisión geográfica |
República Dominicana) |
| Subdivisión de forma |
Proyectos. |
| Término de relación |
|
| 650 #4 - ENCABEZAMIENTO DE MATERIA--TEMÁTICO |
| Término temático o nombre geográfico como elemento de entrada |
Reforma educativa |
| Subdivisión geográfica |
República Dominicana |
| Subdivisión de forma |
Proyectos. |
| 650 #4 - ENCABEZAMIENTO DE MATERIA--TEMÁTICO |
| Término temático o nombre geográfico como elemento de entrada |
Desarrollo socioeconómico |
| Subdivisión geográfica |
República Dominicana |
| Subdivisión de forma |
Proyectos |
| 650 #4 - ENCABEZAMIENTO DE MATERIA--TEMÁTICO |
| Término temático o nombre geográfico como elemento de entrada |
Mejoramiento de programas escolares |
| Subdivisión geográfica |
República Dominicana |
| Subdivisión de forma |
Estudio de casos. |
| 650 #4 - ENCABEZAMIENTO DE MATERIA--TEMÁTICO |
| Término temático o nombre geográfico como elemento de entrada |
Política educativa |
| Subdivisión geográfica |
República Dominicana |
| 650 #4 - ENCABEZAMIENTO DE MATERIA--TEMÁTICO |
| Término temático o nombre geográfico como elemento de entrada |
Tecnología educativa |
| Subdivisión geográfica |
República Dominicana |
| 651 #4 - ENCABEZAMIENTO DE MATERIA--NOMBRE GEOGRÁFICO |
| Nombre geográfico |
|
| Subdivisión temática general |
|
| 700 12 - ASIENTO SECUNDARIO -- NOMBRE PERSONAL |
| Nombre personal |
Manzano, Pablo, |
| Mención de responsabilidad |
tr. |
| 710 2# - ASIENTO SECUNDARIO -- NOMBRE CORPORATIVO |
| Nombre corporativo o de jurisdicción |
Programa de Promoción de la Reforma Educativa en América Latina |
| 710 2# - ASIENTO SECUNDARIO -- NOMBRE CORPORATIVO |
| Nombre corporativo o de jurisdicción |
Facultad Latinoamericana de Ciencias Sociales |
| 910 ## - VALIDACIÓN |
| Validación |
VMateo V. /Validado |
| 942 ## - ADDED ENTRY ELEMENTS (KOHA) |
| Koha item type |
Libros |